000 00332nam a22001337a 4500
008 171106b xxu||||| |||| 00| 0 eng d
020 _a9780471319498
041 _aeng
080 _25 ED
_a330722.6
100 _a61
101 _aKON
245 _aINTERNATIONAL ACCOUTING MULTINATIONAL ENTERPRISES
_cGRAY.S.J
942 _2udc
_cBK
999 _c37885
_d37885